000 01020nam a2200229Ia 4500
001 11136
003 GE_BSU
008 181216s||||||||xx |||||||||||||| ||und||
040 _cGE_BSU
080 _a626.8(075.8)
100 _aხურცილავა,ა
245 _aჰიდრომელიორაციული სისტემების ექსპლოატაცია.
245 _bსახელმძღვ.უმაღლესი სასოფლო-სამეურნეო სასწავლებლების სტუდენტებისათვის.
245 _cრედ:ბ.ჩიკვაშვილი.
260 _aთბილისი.
260 _bგანათლება.
260 _c1982.
300 _a323გვ;22სმ.
300 _eცხრ;დანართები გვ.304.
653 _aჰიდრომელიორაციული სისტემების ექსპლოატაცია.
942 _cBK
999 _c44374
_d44374